000 00728nam a22002057a 4500
999 _c1775
_d1775
003 AR-CdUCM
008 190227b ||||| |||| 00| 0 spa d
020 _a8426702503
040 _aMUNICIPALIDAD PROVINCIAL DEL CUSCO
_cBIBLIOTECA MUNICIPAL DEL CUSCO
082 _a336.46 /
_bP77
100 _aPont Mestres, Magín
_96520
245 _aLa fiscalidad a debate /
260 _aBarcelona :
_bMarcombo ,
_c1973.
300 _a617 páginas ;
_c24 cm.
505 _aDesajustes de la colaboración tributaria -- El impuesto de transmisiones en los vehículos usados -- Excesiva presión fiscal...
650 _aFiscalidad.
_96521
650 _aImpuestos de transmisiones.
_96522
942 _2ddc
_cLIBROS
945 _awfj
_d2019-02-27